000 00227nam a2200109Ia 4500
999 _c7898
_d7898
020 _a978-8182092228
100 _aLeon, Leon
245 0 _aDatabase Management Systems
260 _aIndia
_bBPB
_c1999
300 _a988
942 _cBK